London/ (Record no. 1771)

000 -LEADER
fixed length control field 00911nam a2200265 i 4500
003 - CONTROL NUMBER IDENTIFIER
control field OSt
005 - DATE AND TIME OF LATEST TRANSACTION
control field 20260125132753.0
008 - FIXED-LENGTH DATA ELEMENTS--GENERAL INFORMATION
fixed length control field 260125s2021 enkab||| |||| 00| 0 eng d
020 ## - INTERNATIONAL STANDARD BOOK NUMBER
International Standard Book Number 9780241509678
Qualifying information paperback
040 ## - CATALOGING SOURCE
Original cataloging agency uoc
Language of cataloging eng
Transcribing agency uoc
Description conventions rda
082 ## - DEWEY DECIMAL CLASSIFICATION NUMBER
Edition number 23
Classification number 914.210486
Item number DKE
245 00 - TITLE STATEMENT
Title London/
Statement of responsibility, etc. DK Eyewitness.
264 #1 - PRODUCTION, PUBLICATION, DISTRIBUTION, MANUFACTURE, AND COPYRIGHT NOTICE
Place of production, publication, distribution, manufacture London :
Name of producer, publisher, distributor, manufacturer Eyewitness Travel,
Date of production, publication, distribution, manufacture, or copyright notice 2021.
264 #4 - PRODUCTION, PUBLICATION, DISTRIBUTION, MANUFACTURE, AND COPYRIGHT NOTICE
Date of production, publication, distribution, manufacture, or copyright notice ©2021.
300 ## - PHYSICAL DESCRIPTION
Extent 352 pages:
Other physical details illustrations+
Dimensions 22 cm.
Accompanying material map
336 ## - CONTENT TYPE
Source rdacontent
Content type term text
Content type code txt
337 ## - MEDIA TYPE
Source rdamedia
Media type term unmediated
Media type code n
338 ## - CARRIER TYPE
Source rdacarrier
Carrier type term volume
Carrier type code nc
504 ## - BIBLIOGRAPHY, ETC. NOTE
Bibliography, etc. note Includes index.
520 ## - SUMMARY, ETC.
Summary, etc. A fully illustrated travel guide to London with expert advice, itineraries, top attractions, and detailed maps for exploring the city’s history, culture, landmarks, and neighborhoods.
650 ## - SUBJECT ADDED ENTRY--TOPICAL TERM
Topical term or geographic name entry element Travel guides
650 ## - SUBJECT ADDED ENTRY--TOPICAL TERM
Topical term or geographic name entry element Sightseeing
9 (RLIN) 4530
655 ## - INDEX TERM--GENRE/FORM
Genre/form data or focus term Guidebooks
9 (RLIN) 4531
942 ## - ADDED ENTRY ELEMENTS (KOHA)
Source of classification or shelving scheme
Koha item type Book
Holdings
Withdrawn status Lost status Source of classification or shelving scheme Damaged status Not for loan Permanent location Current location Date acquired Total Checkouts Full call number Barcode Date last seen Price effective from Koha item type Public note
          UofCanada Library UofCanada Library 01/25/2026   914.210486 DKE/REF 00002611 01/25/2026 01/25/2026 Reference  
          UofCanada Library UofCanada Library 01/25/2026   914.210486 DKE/REF 00002612 01/25/2026 01/25/2026 Maps Closed Shelf